[Event "Manaus op 2nd"]
[Site "Manaus"]
[Date "2023.10.17"]
[Round "9"]
[White "Guerra, Frederico Cavalcant"]
[Black "Da Silva, Paulo Cesar Ferreir"]
[Result "0-1"]
[WhiteElo "1321"]
[BlackElo "1495"]
[PlyCount "122"]
[EventDate "2023.10.11"]
[EventType "swiss"]
[EventRounds "9"]
[EventCountry "BRA"]
[SourceTitle "Mega2024 Update 01"]
[Source "Chessbase"]
[SourceDate "2023.11.12"]
[SourceVersion "1"]
[SourceVersionDate "2023.11.12"]
[SourceQuality "1"]

1. e4 c5 2. Nf3 d6 3. d4 cxd4 4. Nxd4 Nf6 5. Nc3 a6 6. Be2 e5 7. Nf3 b5 8. a3 Bb7 9. Bg5 h6 10. Bxf6 Qxf6 11. Nd5 Qd8 12. 0-0 Nd7 13. c4 bxc4 14. Bxc4 Nf6 15. Qa4+ Qd7 16. Qxd7+ Kxd7 17. Nb6+ Kc6 18. Nxa8 Bxa8 19. Bxa6 Kb6 20. Bc4 Be7 21. Bxf7 Rf8 22. Bg6 Nxe4 23. Bxe4 Bxe4 24. Nd2 Bd3 25. Rfc1 d5 26. b4 e4 27. Nb3 Bc4 28. Nc5 Bxc5 29. bxc5+ Kxc5 30. a4 Kb4 31. a5 Ra8 32. Rcb1+ Kc3 33. Rb6 d4 34. a6 Ra7 35. Rc6 Kb2 36. Re1 Bxa6 37. Rb6+ Kc2 38. Ra1 d3 39. Rbxa6 Rxa6 40. Rxa6 d2 41. Rd6 d1Q+ 42. Rxd1 Kxd1 43. Kf1 Kd2 44. g4 g5 45. Kg2 Ke2 46. h3 Kd2 47. Kf1 Kd1 48. Kg2 Ke1 49. Kg1 Ke2 50. Kg2 Kd2 51. Kf1 e3 52. fxe3 Kxe3 53. Kg2 Ke2 54. Kg3 Kf1 55. h4 Kg1 56. hxg5 hxg5 57. Kf3 Kh2 58. Ke4 Kg3 59. Kf5 Kh3 60. Ke4 Kxg4 61. Ke3 Kg3 0-1

[Event "Manaus op 2nd"]
[Site "Manaus"]
[Date "2023.10.15"]
[Round "7"]
[White "Lisboa, Erico Fagundes Anic"]
[Black "Guerra, Frederico Cavalcant"]
[Result "1-0"]
[WhiteElo "1604"]
[BlackElo "1321"]
[PlyCount "76"]
[EventDate "2023.10.11"]
[EventType "swiss"]
[EventRounds "9"]
[EventCountry "BRA"]
[SourceTitle "Mega2024 Update 01"]
[Source "Chessbase"]
[SourceDate "2023.11.12"]
[SourceVersion "1"]
[SourceVersionDate "2023.11.12"]
[SourceQuality "1"]

1. d4 e6 2. c4 d5 3. Nc3 Nf6 4. cxd5 exd5 5. Bg5 Be7 6. e3 0-0 7. Bd3 h6 8. Bh4 Bg4 9. Nge2 Re8 10. f3 Bh5 11. 0-0 c6 12. Bf2 Nbd7 13. e4 dxe4 14. Nxe4 Nd5 15. Rc1 Bh4 16. N2g3 Bg6 17. a3 Bxe4 18. fxe4 Nf4 19. Bb1 Bg5 20. Rc3 Nf6 21. Rf3 Ne6 22. Qd3 Nf8 23. e5 Nd5 24. Ne4 Nf4 25. Qc2 N4e6 26. Nd6 Re7 27. Qf5 f6 28. h4 Bxh4 29. Ba2 Bxf2+ 30. R1xf2 Qd7 31. exf6 gxf6 32. Rg3+ Rg7 33. Rxg7+ Kxg7 34. Qxf6+ Kg8 35. Nf5 Re8 36. Nxh6+ Kh7 37. Bb1+ Ng6 38. Bxg6+ Kxh6 1-0

[Event "Manaus op 2nd"]
[Site "Manaus"]
[Date "2023.10.14"]
[Round "6"]
[White "Guerra, Frederico Cavalcant"]
[Black "Silverio, Vitor Luis de Jesus"]
[Result "0-1"]
[WhiteElo "1321"]
[BlackElo "1802"]
[PlyCount "80"]
[EventDate "2023.10.11"]
[EventType "swiss"]
[EventRounds "9"]
[EventCountry "BRA"]
[SourceTitle "Mega2024 Update 01"]
[Source "Chessbase"]
[SourceDate "2023.11.12"]
[SourceVersion "1"]
[SourceVersionDate "2023.11.12"]
[SourceQuality "1"]

1. e4 c5 2. Nf3 d6 3. d4 cxd4 4. Nxd4 Nf6 5. Nc3 a6 6. Bd3 e6 7. Bg5 Be7 8. 0-0 Qc7 9. Re1 Nbd7 10. Nf3 b5 11. a3 Bb7 12. Qe2 0-0 13. e5 Bxf3 14. Qxf3 Nxe5 15. Qh3 Nxd3 16. Qxd3 h6 17. Bh4 Rac8 18. Rad1 Rfd8 19. Re2 Qc4 20. Bxf6 Qxd3 21. Rxd3 Bxf6 22. g3 Bxc3 23. bxc3 Rc4 24. Red2 d5 25. Kg2 Ra4 26. Rd4 Rxa3 27. c4 bxc4 28. Rxc4 dxc4 29. Rxd8+ Kh7 30. Rd7 Kg6 31. Rc7 Rc3 32. Rc6 Rxc2 33. Rxa6 c3 34. Rc6 Rc1 35. Kf3 c2 36. h4 h5 37. Kf4 f6 38. Kf3 e5 39. Ke2 Kf5 40. f3 Rg1 0-1

[Event "Florianopolis op 9th"]
[Site "Florianopolis"]
[Date "2023.01.27"]
[Round "7"]
[White "Ludtke, Ezequiel Rodrigues"]
[Black "Guerra, Frederico Cavalcant"]
[Result "0-1"]
[WhiteElo "1538"]
[BlackElo "1239"]
[PlyCount "82"]
[EventDate "2023.01.23"]
[EventType "swiss"]
[EventRounds "10"]
[EventCountry "BRA"]
[SourceTitle "CBM 212 Extra"]
[Source "ChessBase"]
[SourceDate "2023.03.31"]
[SourceVersion "1"]
[SourceVersionDate "2023.03.31"]
[SourceQuality "1"]

1. e4 e6 2. d4 d5 3. Nd2 Nf6 4. Bd3 c5 5. c3 Nc6 6. Ngf3 Be7 7. h4 cxd4 8. cxd4 Bb4 9. e5 Nd7 10. a3 Ba5 11. b4 Bb6 12. Bb2 f6 13. Qe2 fxe5 14. dxe5 Ne7 15. Ng5 Nf8 16. Qf3 Nf5 17. g4 h6 18. gxf5 hxg5 19. fxe6 Bxe6 20. hxg5 Rxh1+ 21. Qxh1 Qxg5 22. Nf3 Qh6 23. Qg1 0-0-0 24. Bc1 Qh8 25. Ng5 g6 26. Bf4 Bd4 27. Rc1+ Kb8 28. Nxe6 Nxe6 29. Qxg6 Nxf4 30. Qf5 Nxd3+ 31. Qxd3 Qxe5+ 32. Kf1 Rh8 33. Qf3 Qe4 34. Qxe4 dxe4 35. Rc4 Rd8 36. Ke2 Bb2 37. Rxe4 Bxa3 38. f4 Bb2 39. Ke3 Kc7 40. f5 Rd7 41. Rf4 Bc1+ 0-1

[Event "BRA Amateur-ch U1400"]
[Site "Sao Paulo"]
[Date "2022.11.06"]
[Round "7"]
[White "Guerra, Frederico Cavalcant"]
[Black "Gravina, Miguel Vigolo"]
[Result "1-0"]
[WhiteElo "1800"]
[BlackElo "1056"]
[PlyCount "45"]
[EventDate "2022.11.03"]
[EventType "swiss"]
[EventRounds "7"]
[EventCountry "BRA"]
[SourceTitle "CBM 211 Extra"]
[Source "ChessBase"]
[SourceDate "2023.01.31"]
[SourceVersion "1"]
[SourceVersionDate "2023.01.31"]
[SourceQuality "1"]

1. e4 e6 2. Nf3 d5 3. e5 c5 4. d4 Qb6 5. c3 Nc6 6. Bd3 cxd4 7. cxd4 Bd7 8. Bd2 Be7 9. 0-0 f6 10. Nc3 fxe5 11. Nxe5 Nxe5 12. dxe5 Bc5 13. Qh5+ g6 14. Bxg6+ hxg6 15. Qxh8 Kd8 16. Qxg8+ Kc7 17. Qxg6 d4 18. Ne4 Bb5 19. Nxc5 Bxf1 20. Nxe6+ Kd7 21. Qf7+ Kc6 22. Rxf1 Rc8 23. Rc1+ 1-0